Score 0/9 Timer 01:00
0 Plays Today
Clue 4-Letter Word % Correct
____ Murray, actor who plays [Rung 1]BILL
96.7%
Sphere used in sports and gamesBALL
96.1%
BucketPAIL
91.6%
Cloth spread over coffinPALL
87.2%
Religious ceremony or actRITE
67.1%
Make someone annoyed or irritatedRILE
60.7%
Small streamRILL
60.4%
❤ 'Groundhog Day' weatherman ❤PHIL
49.8%
❤ 'Groundhog Day' producer for [Rung 1] ❤RITA
23.2%

Today's Daily Dose

Remove Ads.
Support Sporcle.
Get the best of Sporcle when you Go Orange. This ad-free experience offers more features, more stats, and more fun while also helping to support Sporcle. Thank you for becoming a member.

You're not logged in!

Compare scores with friends on all Sporcle quizzes.
OR
Log In

Show Comments

Extras

Top Quizzes Today


Score Distribution

Your Account Isn't Verified!

In order to create a playlist on Sporcle, you need to verify the email address you used during registration. Go to your Sporcle Settings to finish the process.

Report this User

Report this user for behavior that violates our Community Guidelines.

Details: